「中央」がつく駅名 - Statistics

General Stats
  • This quiz has been taken 260 times
  • The average score is 11 of 39
Answer Stats
都道府県 駅名 % Correct
鹿児島県 鹿児島中央
70%
宮城県 泉中央
63%
大阪府 和泉中央
63%
群馬県 中央前橋
63%
千葉県 千葉中央
59%
神奈川県 中央林間
59%
青森県 中央弘前
55%
神奈川県 いずみ中央
52%
大阪府 千里中央
46%
岩手県 紫波中央
42%
千葉県 千葉ニュータウン中央
39%
神奈川県 横須賀中央
36%
埼玉県 伊奈中央
34%
鹿児島県 鹿児島中央駅前
34%
兵庫県 西神中央
32%
埼玉県 三郷中央
30%
東京都 中央大学・明星大学
28%
福岡県 新宮中央
27%
兵庫県 ウッディタウン中央
26%
北海道 発寒中央
26%
長崎県 佐世保中央
25%
神奈川県 港南中央
22%
兵庫県 中央市場前
21%
北海道 中央区役所前
18%
千葉県 八千代中央
18%
大阪府 高井田中央
16%
北海道 中央図書館前
15%
兵庫県 日生中央
15%
北海道 中央病院前
14%
広島県 伴中央
13%
神奈川県 並木中央
13%
福岡県 須恵中央
12%
北海道 月寒中央
10%
愛知県 碧南中央
10%
三重県 北勢中央公園口
9%
静岡県 美薗中央公園
9%
栃木県 ゆいの杜中央
9%
岡山県 東中央町
7%
兵庫県 平石中央小学校前
3%
No matching quizzes found
Score Distribution
Percent of People with Each Score
Percentile by Number Answered
Your Score History
You have not taken this quiz